000 00824cam a2200241 a 4500
001 000019666
005 20200929170109.0
008 870205s1995 sp a 000 0 spa d
020 _a8423919099
040 _aDO-SdBNP
_bspa
_cBNPHU
_dBNPHU
082 _aP862.44
_bF362b, 1995
100 1 _aFernán-Gómez, Fernando,
_d1921-2007
_921911
245 1 4 _aLas bicicletas son para el verano /
_cFernando Fernán-Gómez ; introducción Eduardo Haro Tecglen.
250 _a17a ed.
260 _aMadrid, (España) :
_bEditorial Espasa-Calpe,
_c1995.
300 _a208 p. :
_bil. ;
_c18 cm.
490 1 _aLiteratura
490 1 _aAustral.
_v109
650 4 _aTeatro español
_93071
651 4 _aEspaña
_xHistoria
_y1936-1939
_xTeatro
_942116
650 4 _aLiteratura española
_9632
700 1 _aHaro Tecglen, Eduardo,
_eintr.
_942117
999 _c19182
_d19182